A-Z U.S. Politicians by Pictures - Statistics

General Stats
  • This quiz has been taken 242 times
  • The average score is 14 of 26
Answer Stats
Picture Hint Answer % Correct
R Ronald Reagan
98%
L Abraham Lincoln
97%
T Donald Trump
97%
W George Washington
97%
X Malcolm X
93%
J Thomas Jefferson
92%
E Dwight D. Eisenhower
89%
S Arnold Schwarzenegger
81%
C Calvin Coolidge
70%
H Alexander Hamilton
68%
B Pete Buttigieg
63%
Q Dan Quayle
60%
D Ron DeSantis
53%
F Dianne Feinstein
48%
M Walter Mondale
47%
K Amy Klobuchar
44%
P Ron Paul
43%
A Greg Abbott
40%
G Barry Goldwater
38%
I Daniel Inouye
23%
N Jerry Nadler
22%
Y Todd Young
22%
O Tip O'Neill
21%
U Mark Udall
13%
Z Ryan Zinke
12%
V John Volpe
2%
No matching quizzes found
Score Distribution
Percent of People with Each Score
Percentile by Number Answered
Your Score History
You have not taken this quiz